01462nam a2200277 a 450000100100000000500170001000800410002704000250006808200200009310000420011324500470015526000480020230000200025050000640027059000280033460000720036265000280043465000310046291000370049395201320053095201320066295201320079495201180092695201230104499900170116700001102920240412074222.0091013s19uu dr 000 p spa d aDO-SdBNPbspacBNPHU aRD861.44bS211v1 aSánchez, Pablo Celso,d1961-92647213aLa venus viajera /cPablo Celso Sánchez. aSanto Domingo :bAmigo del Hogar,c[199_?]. a56 p. ;c22 cm. aIncluye datos biográficos del autor en la contracubierta. aInventariado, 2019 / DG14aSÁNCHEZ, PABLO CELSO,d1961-cCRÍTICA Y INTERPRETACIÓN926473 0aPoesía dominicana966 0aLiteratura dominicana.967 aValidado. Control de calidad MFF 001054708DSaGRbGRcHDd2009-10-13iLF1l0oRD861.44 S211vp11029-30r2020-06-25te.3w2020-06-25yLFDSZPréstamo en sala 001054708DSaGRbGRcHDd2009-10-13iLF1l0oRD861.44 S211vp11029-40r2020-06-25te.4w2020-06-25yLFDSZPréstamo en sala 001054708DSaGRbGRcHDd2009-10-13iLF1l0oRD861.44 S211vp11029-50r2020-06-25te.5w2020-06-25yLFDSZPréstamo en sala 0010718PDaPDbPDcHDd2009-10-13iLF1l0oRD861.44 S211vp11029-10r2020-06-25w2020-06-25yLFPDZNo se presta 0010718PDaPDbPDcHDd2009-10-13iLF1l0oRD861.44 S211vp11029-20r2020-06-25te.2w2020-06-25yLFPDZNo se presta c10767d10767